| 000 | 01294nam a2200337 c 4500 | ||
|---|---|---|---|
| 003 | BLK | ||
| 005 | 20231030152652.0 | ||
| 008 | 180411b bul|||||r ||||||| ||bul|| | ||
| 010 | _aKNG00196837000 | ||
| 040 | _aBLK | ||
| 041 |
_aBUL _cBUL |
||
| 080 |
_a?Литература на ЮАР _b896(680) _x-31 _z896(680)-31 |
||
| 100 | 1 |
_aСмит, Уилбър Едисън _eпърви автор _9242238 |
|
| 139 |
_aСмит, Уилбър Едисън _bС 47 |
||
| 245 | 1 | 0 |
_aЕдин сокол лети _bРоман _cУилбър Едисън Смит; прев. от англ. Людмила Близнакова. |
| 250 | _a2. изд. | ||
| 260 |
_bГеорги Бакалов _c1989 _fСофия : Балкан _aСофия |
||
| 300 |
_a576 с. _c20 см |
||
| 380 | _aX | ||
| 500 | _aОриг. загл. A Falcon Flies / Wilbur Smith. - 1. изд. 1987 в библ. Океан. - Без тир. | ||
| 653 | _aромани | ||
| 700 | 1 |
_aБлизнакова, Людмила _eпрев. от англ. _9366677 |
|
| 852 | _aЦб 159769 | ||
| 856 | 4 | _qpdf | |
| 856 | 4 | _qpdf | |
| 942 |
_cKNG _n0 _010 |
||
| 944 |
_aCR _c25.11.2016 _lМинев Младен _k30530 |
||
| 944 |
_aED _c28.09.2017 _lф / _kЛюдмила_Стоянова |
||
| 999 |
_c187820 _d187820 |
||
| 999 | _d187820 | ||
| 999 | _d187820 | ||